000 00323nam a2200133 i 4500
001 bg
100 1 _aRENTSCH, Hans Dieter
245 0 _aStrahlungsheizung und - kühlung /
_cHans Dieter Rentsch.
260 _aBerlin,
_c1971.
040 _cBPK
041 _apol
942 _cKS
008 s pl f |000 0 pol
999 _c27087
_d27087
856 _uhttp://koha.tu.koszalin.pl/cgi-bin/koha/opac-detail.pl?biblionumber=27087
_yKatalog online BPK